header

Opening space research (Record no. 38951)

MARC details
000 -LEADER
fixed length control field 01380nam a2200349Ia 4500
082 04 - DEWEY DECIMAL CLASSIFICATION NUMBER
Classification number 629.4092
-- B
100 1# - MAIN ENTRY--AUTHOR NAME
Personal name Ludwig, George H.
245 10 - TITLE STATEMENT
Title Opening space research
260 ## - PUBLICATION, DISTRIBUTION, ETC. (IMPRINT)
Place of publication Washington, DC :
Name of publisher American Geophysical Union,
Year of publication c2011.
300 ## - PHYSICAL DESCRIPTION
Number of Pages xiv, 478 p. :
Other physical details ill.
500 ## - GENERAL NOTE
General note At head of title: Geopress.
650 #0 - SUBJECT ADDED ENTRY--TOPICAL TERM
Topical Term Astronautics and state
Topical Term Space sciences
856 40 - ELECTRONIC LOCATION AND ACCESS
Uniform Resource Identifier http://site.ebrary.com/lib/rucke/Doc?id=10726750

No items available.

© 2026 Rongo University
Contact us: librarian | system librarian | Rongo university